书目信息 |
| 题名: |
超导机理:双带理论还是成对理论
|
|
| 作者: | 程开甲 , 程漱玉 著 | |
| 分册: | ||
| 出版信息: | 长沙 国防科技大学出版社 1993.12 |
|
| 页数: | 210页 | |
| 开本: | 32开 | |
| 丛书名: | ||
| 单 册: | ||
| 中图分类: | O51 | |
| 科图分类: | ||
| 主题词: | 低温物理学 | |
| 电子资源: | ||
| ISBN: | 7-81024-257-1 | |
| 000 | 00640nam0 2200205 45 | |
| 001 | 0012291631 | |
| 005 | 20001229161508.8 | |
| 010 | @a7-81024-257-1@d10.00元 | |
| 100 | @a20001229d1993 km y0chiy0120 ea | |
| 101 | 0 | @achi |
| 105 | @a z 000yy | |
| 200 | 1 | @a超导机理:双带理论还是成对理论@AChao Dao Ji Li:Shuang Dai Li Lun Hai Shi Cheng Dui Li Lun@f程开甲,程漱玉著@FCheng Kai Jia,Cheng Shu Yu Zhu |
| 210 | @a长沙@c国防科技大学出版社@d1993.12 | |
| 215 | @a210页@d32开 | |
| 606 | 0 | @a低温物理学 |
| 690 | @aO51@v3 | |
| 701 | 0 | @a程开甲@4著 |
| 701 | 0 | @a程漱玉@4著 |
| 801 | @aCN@bPftUser@c20001229 | |
| 905 | @b317915-919@dO51@eCH348@f5 | |
| 超导机理:双带理论还是成对理论/程开甲,程漱玉著.-长沙:国防科技大学出版社,1993.12 |
| 210页;32开 |
| ISBN 7-81024-257-1:10.00元 |
| ● |
| 相关链接 |
|
|
|
正题名:超导机理:双带理论还是成对理论
索取号:O51/CH348
 
预约/预借
| 序号 | 登录号 | 条形码 | 馆藏地/架位号 | 状态 | 备注 |
| 1 | 317915 | 203179158 | 自科库401/401自科库 59排3列4层/ [索取号:O51/CH348] | 在馆 | |
| 2 | 317916 | 203179167 | 自科库401/401自科库 59排3列4层/ [索取号:O51/CH348] | 在馆 | |
| 3 | 317917 | 203179176 | 自科库401/401自科库 59排3列4层/ [索取号:O51/CH348] | 在馆 | |
| 4 | 317918 | 203179185 | 自科库401/401自科库 59排3列4层/ [索取号:O51/CH348] | 在馆 | |
| 5 | 317919 | 203179194 | 自科库401/401自科库 59排3列4层/ [索取号:O51/CH348] | 在馆 |